000
00209nam a2200097Ia 4500
008
220204s9999 xx 000 0 und d
082
_a
82-3
_b
SAM
100
_a
Anthony
245
0
_a
Sovereign state
942
_c
BK
999
_c
35252
_d
35252